Relaciones y cartas

Na minha lista:
Detalhes bibliográficos
Autor principal: Colón, Cristóbal (Author)
Formato: Livro
Idioma:espanhol
Publicado em: Madrid s. n 1892
Edição:1a. ed
Assuntos:
Tags: Adicionar Tag
Sem tags, seja o primeiro a adicionar uma tag!

MARC

LEADER 00000nam a2200000 a 4500
001 UCJ5907
003 CL-VaPUC
008 070124e18920000SP |||||||||||||||||spa|d
082 0 4 |a 980  |b COL  |2 21 
100 0 |a Colón, Cristóbal  |e author  |9 265189 
245 1 0 |a Relaciones y cartas 
250 |a 1a. ed 
300 |a 422 p 
942 |c BK 
945 |d 20070124 00:00:00  |a rinostro 
260 |a Madrid  |b s. n  |c 1892 
600 0 7 |a LAS CASAS, BARTOLOME DE  |2 CL-VaPUC  |9 350359 
650 0 |a Viajes  |9 257115 
650 0 |a Descubrimientos geográficos  |9 331933 
650 0 |a Correspondencia  |9 258963 
650 7 |a DOCUMENTOS  |2 CL-VaPUC  |9 366450 
583 |a last modification  |c 20070124 00:00:00  |k Rodrigo Vera 
999 |c 322015  |d 322013 
952 |0 0  |1 0  |4 0  |6 980_000000000000000_COL_1892  |7 0  |8 X  |9 400920  |a FDOBUD  |b FDOBUD  |d 2019-11-22  |i 1041142  |o 980 COL 1892  |p 1041142  |r 2019-11-22  |w 2019-11-22  |y BK_X  |k BUD